000 00324pam a2200133a 44500
008 230405s1986 xxu||||| |||| 00| 0 eng d
041 _aENG
100 _aBernard Grob
245 _aBasic Electronics
260 _a
_bMcgraw Hill Book company
_c1986
300 _a350p.
690 _aSR.COLLEGE REGULAR GRANT
906 _a55
999 _c291398
_d291398